Pure Psychic Type Pokémon - Statistics

General Stats
  • This quiz has been taken 74 times
    28 since last reset
  • The average score is 37 of 46
Answer Stats
Region Number Answer % Correct
Kanto 0063 Abra
100%
0065 Alakazam
100%
0064 Kadabra
100%
0065 Mega Alakazam
100%
0150 Mega Mewtwo Y
95%
0151 Mew
95%
0150 Mewtwo
95%
0096 Drowzee
91%
0097 Hypno
91%
0482 Azelf
82%
0488 Cresselia
82%
0386 Deoxys (Attack Forme)
82%
0386 Deoxys (Defense Forme)
82%
0386 Deoxys (Normal Forme)
82%
0386 Deoxys (Speed Forme)
82%
0578 Duosion
82%
Kalos 0677 Espurr
82%
0574 Gothita
82%
0576 Gothitelle
82%
0575 Gothorita
82%
0678 Meowstic
82%
0481 Mesprit
82%
Unova 0517 Munna
82%
0518 Musharna
82%
0577 Solosis
82%
0201 Unown
82%
0480 Uxie
82%
0202 Wobbuffet
82%
0360 Wynaut
82%
0606 Beheeyem
77%
0358 Chimecho
77%
Sinnoh 0433 Chingling
77%
0605 Elgyem
77%
0956 Espathra
77%
Johto 0196 Espeon
77%
Paldea 0955 Flittle
77%
0326 Grumpig
77%
0800 Necrozma
77%
0579 Reuniclus
77%
Hoenn 0325 Spoink
77%
0790 Cosmoem
68%
Alola 0789 Cosmog
68%
Galar 0856 Hatenna
68%
0857 Hattrem
68%
0077 Ponyta (Galarian Form)
64%
0079 Slowpoke (Galarian Form)
55%
No matching quizzes found
Score Distribution
Percent of People with Each Score
Percentile by Number Answered
Your Score History
You have not taken this quiz since the last reset